000 00807cam a2200229 4500
008 050607t20052005mx 000 0 spa u
020 _a9701046234
035 _aa446605
100 1 _aPeck, George
245 1 0 _aCrystal reports:
_bresultados profesionales /
_cGeorge Peck ; tr. Roberto Valero Valdés, rev. téc. Eloy Pineda Rojas.
260 _aMéxico :
_bMcGraw-Hill Interamericana,
_cc2005.
300 _axxi, 374 p. :
_bils. ;
_c24 cm.
500 _aAutomatización
504 _aIncluye índice
506 _aPIFI 2003
650 4 _aInformes cristalinos (fichero electrónico)
650 4 _aEscritura de informe de negocio
_xProcesamiento de datos
700 1 _aValero Valdés, Roberto, tr.
700 1 _aPineda Rojas, Eloy, rev.
942 _2lcc
_cLIB
999 _c115524
_d115524